| 000 | 00540nam a2200193Ia 4500 | ||
|---|---|---|---|
| 003 | GCL | ||
| 008 | 140319s9999 xx 000 0 eng d | ||
| 040 |
_aGCL / _cGCL |
||
| 082 | 0 | 4 |
_a951.9 _bF F |
| 100 | 1 | _aFOREIGN LANGUAGES PUBLISHING | |
| 245 | 1 | 0 |
_aFACTS ABOUT KOREA / _cFOREIGN LANGUAGES PUBLISHING |
| 260 |
_a[S.N] : _bFERGUSON PUBLISHING COMPANY ، _c1964 |
||
| 300 | _a279 P | ||
| 650 | 0 | 4 | _aHISTORY |
| 650 | 0 | 4 | _aKOREA - HISTORY |
| 650 | 0 | 4 | _aINDUSTRIES - KOREA |
| 650 | 0 | 4 | _aKOREA - POLITICS AND GOVERNMENT |
| 942 |
_2ddc _cBK |
||
| 999 |
_c14326 _d14326 |
||